000 00272nam a22001337a 4500
999 _c167221
_d167221
082 _a
_b
100 _aAmartya Sen
245 _aPoverty and farmings/
_cby Amartya Sen.
260 _a
_bOxford,
_c2011.
300 _a257p.
600 _a
650 _a
942 _cBK